000 01115nam a22002897a 4500
005 20180803165624.0
008 150113b xxu||||| |||| 00| 0 spa d
020 _a9789585745001
040 _aCO-BoIAVH
_cCO-BoIAVH
041 _aspa
044 _ack
090 _aEA
_b00250
100 _aLeal-Rubiano, Julio
_931234
245 _aManejo Integrado de Residuos Peligrosos y Especiales:
_bAlternativas de producción mas limpia en la agroindustria del Departamento del Meta
_cJulio, Leal-Rubiano... (et al.)
260 _aVillavicencio :
_bCorporación para el Desarrollo Sostenible La Macarena-CORMACARENA,
_bEcopetrol,
_c2012.
300 _a28 pag
_bFot (col), tab
_c22 cm
504 _aIncluye referencias bibliográficas (pag 28)
650 _aImpacto ambiental.
_992215
650 6 _aResiduos Industriales
_931456
650 6 _aResiduos Agrícolas
_931457
650 6 _aResiduos Peligrosos
_931458
650 _aEfectos de la contaminación.
_931459
650 _aControl ambiental
_931460
700 _aVargas-Riaño, Manlio Javier
_931390
700 _aLinares, Sandra
_931391
942 _2z
_cLIBRO
999 _c8961
_d8961